Batman - Statistics

General Stats
  • This quiz has been taken 145 times
  • The average score is 6 of 16
Answer Stats
Movie / TV Show Actor % Correct
DCEU Ben Affleck
95%
Dark Knight Trilogy Christian Bale
92%
Batman (1989) Michael Keaton
82%
Batman & Robin (1997) George Clooney
81%
The Batman (2022) Robert Pattinson
81%
Batman Forever (1995) Val Kilmer
71%
Batman (1966-1968) Adam West
64%
Gotham (2014-2019) David Mazouz
19%
Batman Begins (2005) Gus Lewis
5%
Batman (1943) Lewis Wilson
3%
The Batman (2022) Oscar Novak
3%
Batman and Robin (1949) Robert Lowery
3%
Batwoman (2019-) Warren Christie
3%
Batman v Superman: Dawn of Justice (2016) Brandon Spink
1%
Batman (1989) Charles Roskilly
1%
Joker (2019) Dante Pereira-Olson
1%
No matching quizzes found
Score Distribution
Percent of People with Each Score
Percentile by Number Answered
Your Score History
You have not taken this quiz